International Journal of Public Administration in the Digital Age

Salvato in:
Dettagli Bibliografici
Natura: Periodico
Lingua:inglese
Pubblicazione: Hershey IGI Global Scientific Publishing
Tags: Aggiungi Tag
Nessun Tag, puoi essere il primo ad aggiungerne!!

MARC

LEADER 00000nas1a2200000 4500
001 0306034
005 20250701092131.1
022 |a 2334-4520 
022 |a 2334-4539 
041 0 |a eng 
044 |a US 
245 1 0 |a International Journal of Public Administration in the Digital Age 
264 1 |a Hershey  |b IGI Global Scientific Publishing